000 00825nam a2200217 a 4500
001 000023869
005 20200930022529.0
008 110114s1966 sp a r 001 0 spa d
040 _aDO-SdBNP
_bspa
_cBNPHU
041 1 7 _aspa
_heng
_2Código de idiomas MARC
082 _a621.3
_bF553f
100 1 _aFitzgerald, Arthur Eugene,
_949102
245 1 0 _aFundamentos de ingeniería eléctrica y electrónica /
_cA. E. Fitzgerald y David E. Higginbotham ; traducción de Carlos Pérez Martinez... revisión técnica de Domingo Guinea Guerrero.
260 _aMadrid :
_bCastillo,
_c1966.
300 _a606 p. :
_bil. ;
_c23 cm.
500 _aIncluye índice
650 4 _aIngeniería eléctrica
_921862
650 4 _aElectricidad
_949103
700 1 _aHigginbotham, David E.,
_949104
700 1 _aPérez Martinez, Carlos,
_etr.
_949105
999 _c23365
_d23365